ნორმალური ფორმატი
MARC ფორმატი
ჩანაწერი Corporate Name
ჩანაწერთა რაოდენობა, რომელიც გამოყენებულია: 1
001 - CONTROL NUMBER
- control field: 23097
003 - CONTROL NUMBER IDENTIFIER
- control field: GE_BSU
005 - DATE AND TIME OF LATEST TRANSACTION
- control field: 20240820173149.0
008 - FIXED-LENGTH DATA ELEMENTS
- fixed length control field: 240820|| aca||aabn | a|a d
040 ## - CATALOGING SOURCE
- Original cataloging agency: GE_BSU
- Transcribing agency: GE_BSU
110 ## - HEADING--CORPORATE NAME
- Corporate name or jurisdiction name as entry element: გაეროს განვითარების პროგრამა საქართველოში
670 ## - SOURCE DATA FOUND
- Source citation: Work cat.: (GE_BSU)46274: გასმანი, ფრანჩესკა 23093, ეკონომიკური და სოციალური მოწყვლადობა საქართველოში /
